| 000 | 00416 a2200133 4500 | ||
|---|---|---|---|
| 001 | ART_14815 | ||
| 005 | 20260410161913.0 | ||
| 008 | 260409a | ||
| 245 | 1 | 0 | _aThe price of energy and potential growth of developed countries |
| 100 | 1 | _aOsterrieth, Marc | |
| 700 | 1 | _aGunning, J. W. | |
| 700 | 1 | _aWaelbroeck, Jean | |
| 773 | 0 |
_tEuropean economic review _g- Vol. 7, NÂș 1 (ene. 1976) _wREV13346 |
|
| 999 |
_c27049 _d27049 |
||